Billie Eilish - Six Feet Under Lyrics - Statistics

General Stats
  • This quiz has been taken 212 times
  • The average score is 122 of 149
Answer Stats
Answer % Correct
I
100%
a
99%
feet
99%
six
99%
Six
99%
under
99%
But
98%
but
98%
you
98%
Help
97%
help
97%
my
97%
the
97%
can
96%
can't
96%
love
96%
Our
96%
our
96%
again
95%
again?
95%
Again
95%
lost
95%
If
94%
is
94%
myself
94%
wonder
94%
by
92%
remember
91%
to
90%
Don't
89%
roses
89%
rain
88%
was
88%
watered
87%
grave
86%
me
86%
bloom?
85%
bloom
85%
Bloom
85%
Could
83%
it
83%
Would
82%
back
81%
come
80%
well
79%
won't
76%
wish
75%
your
73%
tell
72%
you'd
71%
end
70%
And
69%
all
67%
How
60%
for
59%
too
59%
as
58%
you're
58%
lips
57%
die
56%
like
56%
of
56%
carelessly?
55%
playing
55%
in
54%
It's
54%
tonight
54%
us
54%
cold
53%
much
52%
touch
52%
smoke
51%
They're
50%
air
49%
life
49%
down
47%
these
46%
sound
45%
away
44%
erase
43%
Retrace
43%
knife
42%
laying
42%
clouds
41%
Blow
37%
crying
25%
No matching quizzes found
Score Distribution
Percent of People with Each Score
Percentile by Number Answered
Your Score History
You have not taken this quiz